| Tag |
First Indicator |
Second Indicator |
Subfields |
| LEADER |
00000cam a22000001a 4500 |
| 001 |
in00004157721 |
| 005 |
20200117093600.0 |
| 006 |
m d f |
| 007 |
cr bn mmmapmmp |
| 008 |
140224s2012 mdu o f000 0 eng d |
| 035 |
|
|
|a chdc20130783
|
| 040 |
|
|
|a UMI
|c UMI
|d UtOrBLW
|
| 043 |
|
|
|a n-us---
|
| 086 |
0 |
|
|a Y 4.SCI 2:112-88
|
| 110 |
1 |
|
|a United States.
|b Congress.
|b House.
|b Committee on Science, Space, and Technology.
|b Subcommittee on Energy and Environment.
|
| 245 |
1 |
0 |
|a EPA's Impact on Jobs and Energy Afford ability :
|b Understanding the Real Costs and Benefits of Environmental Regulations.
|
| 264 |
|
1 |
|a Bethesda, Md. :
|b ProQuest,
|c 2012.
|
| 300 |
|
|
|a 147 pages, digital, PDF file.
|
| 336 |
|
|
|a text
|b txt
|2 rdacontent
|
| 337 |
|
|
|a computer
|b c
|2 rdamedia
|
| 338 |
|
|
|a online resource
|b cr
|2 rdacarrier
|
| 500 |
|
|
|a Record is based on bibliographic data in ProQuest U.S. Congressional Hearings Digital Collection. Reuse except for individual research requires license from ProQuest, LLC.
|
| 500 |
|
|
|a Electronic resource.
|
| 533 |
|
|
|a Electronic reproduction.
|b [Bethesda, Md.] :
|c ProQuest,
|d 2013.
|e digital, PDF file.
|n ProQuest Congressional Hearings Digital Collection.
|n Mode of access: World Wide Web via ProQuest website.
|
| 538 |
|
|
|a System requirements: PDF reader software.
|
| 610 |
1 |
0 |
|a United States.
|b Environmental Protection Agency.
|0 http://id.loc.gov/authorities/names/n79079597
|
| 610 |
1 |
0 |
|a United States.
|b Office of Management and Budget.
|b Office of Information and Regulatory Affairs.
|0 http://id.loc.gov/authorities/names/n82019032
|
| 650 |
|
0 |
|a Administrative law
|x Economic aspects
|z United States.
|
| 650 |
|
0 |
|a Environmental law
|x Economic aspects
|z United States.
|
| 776 |
0 |
8 |
|i Microfiche version:
|a United States. Congress. House. Committee on Science, Space, and Technology. Subcommittee on Energy and Environment.
|t EPA's Impact on Jobs and Energy Afford ability:
|o CIS 2013 H701-48
|w cis201301536
|
| 856 |
4 |
0 |
|u http://proxy.library.tamu.edu/login?url=http://search.proquest.com/congcomp/getdoc?HEARING-ID=HRG-2012-TEC-0044
|y Electronic resource (PDF)
|z CIS 2013-H701-48
|t 0
|
| 998 |
|
|
|a cis201301536
|
| 999 |
f |
f |
|s 1be73e24-cadc-394a-974c-563c75215728
|i 30506205-f142-3c05-a1f3-3e8d4cc9af40
|t 0
|
| 952 |
f |
f |
|a Texas A&M University
|b College Station
|c Electronic Resources
|d Available Online
|t 0
|e Y 4.SCI 2:112-88
|h Superintendent of Documents classification
|
| 998 |
f |
f |
|a Y 4.SCI 2:112-88
|t 0
|l Available Online
|